<?xml version="1.0" encoding="UTF-8"?>
<record
    xmlns:xsi="http://www.w3.org/2001/XMLSchema-instance"
    xsi:schemaLocation="http://www.loc.gov/MARC21/slim http://www.loc.gov/standards/marcxml/schema/MARC21slim.xsd"
    xmlns="http://www.loc.gov/MARC21/slim">

  <leader>04970ngm a22007575i 4500</leader>
  <datafield tag="999" ind1=" " ind2=" ">
    <subfield code="c">29032</subfield>
    <subfield code="d">29003</subfield>
  </datafield>
  <controlfield tag="003">EG-ScBUE</controlfield>
  <controlfield tag="005">20201124112550.0</controlfield>
  <controlfield tag="007">vd cvairq</controlfield>
  <controlfield tag="008">201122t20202020nyu125 f ||||  0| vnpor d</controlfield>
  <datafield tag="024" ind1="3" ind2=" ">
    <subfield code="a">5060114151550</subfield>
  </datafield>
  <datafield tag="040" ind1=" " ind2=" ">
    <subfield code="a">EG-ScBUE</subfield>
    <subfield code="b">eng</subfield>
    <subfield code="e">rda</subfield>
    <subfield code="c">EG-ScBUE</subfield>
    <subfield code="d">EG-ScBUE</subfield>
  </datafield>
  <datafield tag="041" ind1="1" ind2=" ">
    <subfield code="a">por</subfield>
    <subfield code="a">cpp</subfield>
    <subfield code="j">eng</subfield>
    <subfield code="j">por</subfield>
    <subfield code="h">por</subfield>
  </datafield>
  <datafield tag="082" ind1="0" ind2="4">
    <subfield code="a">791.4372</subfield>
    <subfield code="b">VIT</subfield>
    <subfield code="2">22</subfield>
  </datafield>
  <datafield tag="245" ind1="0" ind2="0">
    <subfield code="a">Vitalina Varela :</subfield>
    <subfield code="b">a film /</subfield>
    <subfield code="c">directed by Pedro Costa ; produced by Abel Ribeiro Chaves ; written by Pedro Costa, Vitalina Varela.</subfield>
  </datafield>
  <datafield tag="257" ind1=" " ind2=" ">
    <subfield code="a">Portugal</subfield>
  </datafield>
  <datafield tag="264" ind1=" " ind2="1">
    <subfield code="a">[New York] :</subfield>
    <subfield code="b">Second Run,</subfield>
    <subfield code="c">[2020]</subfield>
  </datafield>
  <datafield tag="264" ind1=" " ind2="4">
    <subfield code="c">c2020</subfield>
  </datafield>
  <datafield tag="300" ind1=" " ind2=" ">
    <subfield code="a">1 video disc (125 min.) :</subfield>
    <subfield code="b">sound, color ;</subfield>
    <subfield code="c">4 3/4 in. +</subfield>
    <subfield code="e">1 booklet.</subfield>
  </datafield>
  <datafield tag="306" ind1=" " ind2=" ">
    <subfield code="a">020500</subfield>
  </datafield>
  <datafield tag="336" ind1=" " ind2=" ">
    <subfield code="a">two-dimensional moving image</subfield>
    <subfield code="b">tdi</subfield>
    <subfield code="2">rdacontent</subfield>
  </datafield>
  <datafield tag="336" ind1=" " ind2=" ">
    <subfield code="a">text</subfield>
    <subfield code="b">txt</subfield>
    <subfield code="2">rdacontent</subfield>
  </datafield>
  <datafield tag="337" ind1=" " ind2=" ">
    <subfield code="a">video</subfield>
    <subfield code="b">v</subfield>
    <subfield code="2">rdamedia</subfield>
  </datafield>
  <datafield tag="337" ind1=" " ind2=" ">
    <subfield code="a">unmediated</subfield>
    <subfield code="b">n</subfield>
    <subfield code="2">rdamedia</subfield>
  </datafield>
  <datafield tag="338" ind1=" " ind2=" ">
    <subfield code="a">videodisc</subfield>
    <subfield code="b">vd</subfield>
    <subfield code="2">rdacarrier</subfield>
  </datafield>
  <datafield tag="338" ind1=" " ind2=" ">
    <subfield code="a">volume</subfield>
    <subfield code="b">nc</subfield>
    <subfield code="2">rdacarrier</subfield>
  </datafield>
  <datafield tag="344" ind1=" " ind2=" ">
    <subfield code="a">digital</subfield>
    <subfield code="2">rdatr</subfield>
  </datafield>
  <datafield tag="344" ind1=" " ind2=" ">
    <subfield code="a">optical</subfield>
    <subfield code="2">rdarm</subfield>
  </datafield>
  <datafield tag="346" ind1=" " ind2=" ">
    <subfield code="a">Beta</subfield>
  </datafield>
  <datafield tag="346" ind1=" " ind2=" ">
    <subfield code="b">PAL</subfield>
    <subfield code="2">rdabs</subfield>
  </datafield>
  <datafield tag="347" ind1=" " ind2=" ">
    <subfield code="a">video file</subfield>
    <subfield code="2">rdaft</subfield>
  </datafield>
  <datafield tag="347" ind1=" " ind2=" ">
    <subfield code="b">DVD video</subfield>
  </datafield>
  <datafield tag="380" ind1=" " ind2=" ">
    <subfield code="a">Motion pictures</subfield>
    <subfield code="2">lcgft</subfield>
  </datafield>
  <datafield tag="380" ind1=" " ind2=" ">
    <subfield code="a">Drama</subfield>
  </datafield>
  <datafield tag="490" ind1="0" ind2=" ">
    <subfield code="a">Second Run ;</subfield>
    <subfield code="v">130</subfield>
  </datafield>
  <datafield tag="500" ind1=" " ind2=" ">
    <subfield code="a">Special Features
- Exclusive interview with Pedro Costa at the Toronto International Film Festival (41 minutes)
- "Chantal + Pedro," a short film in which Chantal Akerman and Pedro Costa (or rather, their films) meet in a movie theatre, by J&#xFA;lio Alves (2020, 8 minutes)
- Theatrical Trailer
- Booklet featuring an essay by critic Jonathan Rosenbaum</subfield>
  </datafield>
  <datafield tag="500" ind1=" " ind2=" ">
    <subfield code="a">Original production: Portugal, 2019.</subfield>
  </datafield>
  <datafield tag="500" ind1=" " ind2=" ">
    <subfield code="a">Originally released as a motion picture in 2019.</subfield>
  </datafield>
  <datafield tag="508" ind1=" " ind2=" ">
    <subfield code="a">Cinematography, Leonardo Si&#x333;mes ; editor, Vitor Cavalho, J&#xF4;o Dias, J&#xFA;lio Alves ; prodution manager Jo&#xE3;o Fevereiro ; sound Jo&#xE3;o Gazua. </subfield>
  </datafield>
  <datafield tag="511" ind1="1" ind2=" ">
    <subfield code="a">Vitalina Varela, Ventura, Manuel Tavares Almeida, Francisco Brito, Nilsa Fortes, Marina Alves Domingues.</subfield>
  </datafield>
  <datafield tag="520" ind1=" " ind2=" ">
    <subfield code="a">A Cape Verdean woman travels to Lisbon to reunite with her husband, after two decades of separation, only to arrive mere days after his funeral. Alone in a strange, forbidding land, she perseveres and begins to establish a new life. Winner of the Golden Leopard for Best Film and Best Actress at the Locarno Film Festival, as well as an official selection of the Sundance Film Festival.</subfield>
  </datafield>
  <datafield tag="520" ind1=" " ind2=" ">
    <subfield code="a">A film of deeply concentrated beauty, acclaimed filmmaker Pedro Costa&#x2019;s Vitalina Varela stars nonprofessional actor Vitalina Varela in an extraordinary performance based on her own life. Vitalina plays a Cape Verdean woman who has travelled to Lisbon to reunite with her husband, after two decades of separation, only to arrive mere days after his funeral. Alone in a strange forbidding land, she perseveres and begins to establish a new life. Winner of the Golden Leopard for Best Film and Best Actress at the Locarno Film Festival, as well as an official selection of the Sundance Film Festival, Vitalina Varela is a film of shadow and whisper, a profoundly moving and visually ravishing masterpiece.</subfield>
  </datafield>
  <datafield tag="520" ind1=" " ind2=" ">
    <subfield code="a">A film of deeply concentrated beauty, acclaimed filmmaker Pedro Costa's Vitalina Varela stars nonprofessional actor Vitalina Varela in an extraordinary performance based on her own life. Vitalina plays a Cape Verdean woman who visits Lisbon to reunite with her husband following two decades of separation, only to arrive mere days after his funeral. Alone in a strange, forbidding land, she perseveres and begins establishing a new life. Winner of the Golden Leopard for Best Film and Best Actress at the Locarno Film Festival, as well as an official selection of the Sundance Film Festival, Vitalina Varela is a work of shadow and whisper, a profoundly moving and visually ravishing masterpiece.</subfield>
  </datafield>
  <datafield tag="521" ind1="8" ind2=" ">
    <subfield code="a">Rating : 12 (Approved for 12 years)</subfield>
  </datafield>
  <datafield tag="538" ind1=" " ind2=" ">
    <subfield code="a">DVD ; PAL ; NTSC ; widescreen (1.33:1) presentation ; 5.1 surround / 2.0 Stereo</subfield>
  </datafield>
  <datafield tag="546" ind1=" " ind2=" ">
    <subfield code="a">Languages: Portuguese, Kabuverdianu ; Subtitle: English, Portuguese.</subfield>
  </datafield>
  <datafield tag="650" ind1=" " ind2="7">
    <subfield code="a">Separation (Law).</subfield>
    <subfield code="v">Drama.</subfield>
    <subfield code="2">BUEsh</subfield>
  </datafield>
  <datafield tag="650" ind1=" " ind2="7">
    <subfield code="a">Cabo Verdeans</subfield>
    <subfield code="v">Drama.</subfield>
    <subfield code="2">BUEsh</subfield>
  </datafield>
  <datafield tag="651" ind1=" " ind2="7">
    <subfield code="a">Lisbon (Portugal)</subfield>
    <subfield code="v">Drama.</subfield>
    <subfield code="2">BUEsh</subfield>
  </datafield>
  <datafield tag="700" ind1="1" ind2=" ">
    <subfield code="a">Costa, Pedro,</subfield>
    <subfield code="e">film director,</subfield>
    <subfield code="e">screenwriter.</subfield>
  </datafield>
  <datafield tag="700" ind1="1" ind2=" ">
    <subfield code="a">Varela, Vitalina,</subfield>
    <subfield code="e">actor,</subfield>
    <subfield code="e">screenwriter.</subfield>
  </datafield>
  <datafield tag="700" ind1="1" ind2=" ">
    <subfield code="a">Ventura,</subfield>
    <subfield code="e">actor.</subfield>
  </datafield>
  <datafield tag="700" ind1="1" ind2=" ">
    <subfield code="a">Almeida, Manuel Tavares,</subfield>
    <subfield code="e">actor.</subfield>
  </datafield>
  <datafield tag="700" ind1="1" ind2=" ">
    <subfield code="a">Brito, Francisco,</subfield>
    <subfield code="e">actor.</subfield>
  </datafield>
  <datafield tag="700" ind1="1" ind2=" ">
    <subfield code="a">Fortes, Nilsa,</subfield>
    <subfield code="e">actor.</subfield>
  </datafield>
  <datafield tag="700" ind1="1" ind2=" ">
    <subfield code="a">Domingues, Marina Alves,</subfield>
    <subfield code="e">actor.</subfield>
  </datafield>
  <datafield tag="700" ind1="1" ind2=" ">
    <subfield code="a">Chaves, Abel Ribeiro,</subfield>
    <subfield code="e">film producer.</subfield>
    <subfield code="9">10935</subfield>
  </datafield>
  <datafield tag="700" ind1="1" ind2=" ">
    <subfield code="a">Sim&#xF5;es, Leonardo,</subfield>
    <subfield code="e">cinematographer.</subfield>
  </datafield>
  <datafield tag="700" ind1="1" ind2=" ">
    <subfield code="a">Cavalho, Vitor,</subfield>
    <subfield code="e">film editor.</subfield>
  </datafield>
  <datafield tag="700" ind1="1" ind2=" ">
    <subfield code="a">Dias, Jo&#xE3;o,</subfield>
    <subfield code="e">film editor.</subfield>
  </datafield>
  <datafield tag="700" ind1="1" ind2=" ">
    <subfield code="a">Fevereiro, Jo&#xE3;o,</subfield>
    <subfield code="e">film producer.</subfield>
  </datafield>
  <datafield tag="700" ind1="1" ind2=" ">
    <subfield code="a">Gazua, Jo&#xE3;o,</subfield>
    <subfield code="e">sound designer.</subfield>
  </datafield>
  <datafield tag="700" ind1="1" ind2=" ">
    <subfield code="a">Alves, J&#xFA;lio,</subfield>
    <subfield code="d">1943-</subfield>
    <subfield code="e">film editor.</subfield>
  </datafield>
  <datafield tag="710" ind1="2" ind2=" ">
    <subfield code="a">Second Run (Firm)</subfield>
  </datafield>
  <datafield tag="710" ind1="2" ind2=" ">
    <subfield code="a">Grasshopper Film (Firm)</subfield>
  </datafield>
  <datafield tag="942" ind1=" " ind2=" ">
    <subfield code="2">ddc</subfield>
    <subfield code="c">CDVDN</subfield>
  </datafield>
  <datafield tag="952" ind1=" " ind2=" ">
    <subfield code="0">0</subfield>
    <subfield code="1">0</subfield>
    <subfield code="2">ddc</subfield>
    <subfield code="4">0</subfield>
    <subfield code="7">0</subfield>
    <subfield code="8">Baccah</subfield>
    <subfield code="a">MAIN</subfield>
    <subfield code="b">MAIN</subfield>
    <subfield code="c">2ND</subfield>
    <subfield code="d">2020-11-24</subfield>
    <subfield code="e">Purchase</subfield>
    <subfield code="l">0</subfield>
    <subfield code="o">791.4372 VIT</subfield>
    <subfield code="p">000050081</subfield>
    <subfield code="r">2022-08-24 00:00:00</subfield>
    <subfield code="y">CDVDN</subfield>
  </datafield>
</record>
